Les 10 meilleurs nations de l'histoire de la Coupe du Monde - Statistiques

Statistiques générales
  • Ce quiz a été pris 463 fois
  • Le résultat moyen est 9 sur 10
Statistiques - réponses
Parcours à la coupe du monde Nations % Correct
1 coupe du monde et 1 finale perdues France
100%
2 coupes du monde et 3 finales perdues Argentine
99%
5 coupes du monde et 2 finales perdues Brésil
99%
4 coupes du monde et 2 finales perdues Italie
99%
4 coupes du monde et 4 finales perdues Allemagne
97%
1 coupe du monde,1 demi-finale et 4 quarts Espagne
97%
1 coupe du monde,1 demi-finale et 6 quarts Angleterre
96%
2 coupes du monde et 1 demi-finale Uruguay
92%
3 finales perdues et une troisième place Pays-Bas
90%
2 finales perdues Hongrie ou Tchecoslovaquie
63%
Aucun quiz correspondant
Distribution des résultats
% des personnes avec chaque résultat
Percentile par nombre de réponses
Votre historique - résultats
Vous n’avez pas pris ce quiz